000 00338 a2200157 4500
001 183374
020 _a85-16-03101-2
040 _cMagnum
100 _aZatz, Lia
240 1 0 _aEra uma vez uma bruxa
_lpor
245 1 0 _aEra uma vez uma bruxa
300 _a47
362 0 _a2009
697 _aLITERATURA INFANTO-JUVENIL
942 _cBK
999 _c183374
_d183374